Eniten ja vähiten vapaimmat maat - Statistics

Yleistilastot
  • Tätä visaa on pelattu 72 kertaa
    44 viimeisimmän päivityksen jälkeen
  • Keskiarvotulos 12 / 20
Vastaustilastot
Sijoitus Indeksi Maa % Oikein
10 8,58 Norja
100%
5 8,75 Ruotsi
100%
9 8,7 Suomi
100%
7 8,73 Islanti
97%
3 8,83 Tanska
97%
6 8,75 Viro
78%
1 9,01 Sveitsi
69%
4 8,79 Irlanti
67%
155 4,73 Irak
61%
160 4,03 Iran
61%
2 8,88 Uusi-Seelanti
56%
164 2,96 Syyria
53%
163 3,43 Jemen
50%
156 4,53 Saudi-Arabia
44%
157 4,49 Somalia
44%
162 3,81 Sudan
42%
8 8,71 Luxemburg
36%
158 4,24 Egypti
19%
159 4,22 Venezuela
17%
161 3,88 Myanmar
6%
Ehtoja vastaavia visoja ei löytynyt
Tulosjakauma
Jokaisen tuloksen saaneiden osuus
Persentiili vastausten määrän mukaan
Tuloshistoriasi
Et ole pelannut tätä visaa sen viimeisimmän päivityksen jälkeen